000 00728cam a22002413u 4500
005 20131125054016.0
008 131125b xxu||||| |||| 00| 0 eng d
020 _a0515090328
041 _aeng
080 _a342.5
100 1 _aRobert, Henry M.,
_d1837-1923.
210 1 0 _aRobert's Rules of Order
245 1 0 _aRobert's Rules of Order /
_cRobert, Henry M.
260 _aNew York :
_bJove books ;
_c1977.
300 _a294 f. :
_c18 cm.
500 _aPreface : f. 17-18
505 _aIncludes index.
506 _a
650 0 _aLigji
650 0 _aRregullat e rendit
856 4 0 _uhttp://www.columbia.edu/cgi-bin/cul/resolve?clio8995671
_zFull text available from Project Gutenberg Online Catalog
942 _2udc
_cBK
999 _c345
_d345